000 00770nab a2200241u 4500
001 23084
003 HDC
007 c| |||a|c|aaaa
008 210315b99999999my ||||o |||| 00| 0 eng d
040 _aHDC
100 _aJoel Lee /
_eauthor
_919836
245 0 _aMalaysia's halal cosmetics vie to go global /
_cJoel Lee
336 _atext
_2rdacontent
337 _acomputer
_2rdamedia
338 _aonline resource
_2rdacarrier
650 _acosmetics firm
_919837
650 _ahalal-certified
_98332
710 _aKorea Herald
856 _zRequest full-text at [email protected]
942 _2lcc
942 _cNEWS
942 _kNWS0 005183
999 _c20400
_d20400